000 01423nam0a22003251 4500
001 v19\rc\1768842
005 20250619070514.0
035 _a(NLR Aleph) 004867055
090 _a5065999
_c5065999
100 _a20061204d1903 |||y0rusy50 ca
101 0 _arus
102 _aRU
105 _ay z |||||
200 1 _aИсследование уравнения реакции Гюбля и о иодных числах русских оливковых масел
_eДис. на степ. д-ра мед. Н.Н. Соколова
_f(Из Лаб. Рус. техн. о-ва)
210 _aСанкт-Петербург
_cтип. ж.-д. изд. А.Ф. Штольценбурга
_d1903
215 _a96 с.
_d24
225 1 _aСерия докторских диссертаций, допущенных к защите в Военно-медицинской академии в 1902-1903 учебном году
_v№ 52
700 1 _aСоколов
_bН. Н.
_cд-р медицины, нутрициология
_f1871-
_gНиколай Николаевич
_9259214
_3RU\NLR\AUTH\770259270
702 0 _aГюбель
_4570
801 0 _aRU
_bNLR
_gpsbo
801 0 _aRU
_bRuMoRGB
_2psbo
801 1 _aRU
_bProSoft-M
_2rusmarc
852 _aNLR
_j17.126.1.2(52)
899 _aRuMoRGB
_jJ 56/55
899 _aRuMoRGB
_jJ 96/279
899 _aRuMoRGB
_jR 217/152
899 _aБАН
942 _cBOOK
980 _aNB